[Event "DEM U10/U10w 2004"]
[Site "Willingen GER"]
[Date "2004.05.30"]
[Round "1"]
[White "Geise, Maria"]
[Black "Zier, Oliver"]
[Result "0-1"]
[Termination "normal"]
[Board "20"]
[WhiteElo "948"]
[BlackElo "1296"]
[PlyCount "80"]
[BlackFideId "24631906"]
[EventCountry "GER"]
[EventRounds "11"]
[EventType "swiss"]
[EventDate "2004.05.29"]

1. e4 c5 2. Nf3 Nc6 3. Bc4 d6 4. Nc3 e6 5. d4 cxd4 6. Nxd4 Be7 7. Nxc6 bxc6 8.
O-O Nf6 9. Bg5 O-O 10. Bxf6 Bxf6 11. h3 Bb7 12. a3 c5 13. b4 cxb4 14. Ne2 Bxa1
15. Qxa1 bxa3 16. Qxa3 Bxe4 17. Rd1 Bxc2 18. Rxd6 Qe7 19. Bd3 Rad8 20. Ra6 Qxa3
21. Rxa3 Rxd3 22. Rxa7 Bd1 23. Nf4 Rd4 24. Nh5 Bxh5 25. Ra5 Bg6 26. Ra3 f6 27.
Rg3 e5 28. Re3 Rd3 29. Re2 Bh5 30. Rb2 f5 31. Rb5 e4 32. Re5 Rd1+ 33. Kh2 Rd2
34. f4 Bf3 35. Kh1 Rxg2 36. h4 e3 37. Rxe3 Ba8 38. h5 Re2+ 39. Rf3 Bxf3+ 40.
Kg1 Rd8 0-1

[Event "DEM U10/U10w 2004"]
[Site "Willingen GER"]
[Date "2004.05.30"]
[Round "1"]
[White "Dötterl, Michael"]
[Black "Albrecht, Michele"]
[Result "1-0"]
[Termination "normal"]
[Board "21"]
[WhiteElo "1274"]
[BlackElo "922"]
[PlyCount "111"]
[EventCountry "GER"]
[EventRounds "11"]
[EventType "swiss"]
[EventDate "2004.05.29"]

1. e4 e5 2. Bc4 Nc6 3. Nf3 h6 4. Nc3 Nf6 5. a3 a6 6. Ba2 d6 7. h3 Bd7 8. d3 Qe7
9. Be3 O-O-O 10. O-O Be6 11. Bd5 Qd7 12. Bxe6 Qxe6 13. b4 d5 14. exd5 Nxd5 15.
Nxd5 Qxd5 16. Re1 f6 17. Nh4 Nd4 18. Bxd4 Qxd4 19. Re4 Qxe4 20. dxe4 Rxd1+ 21.
Rxd1 a5 22. c3 axb4 23. axb4 g5 24. Nf5 c5 25. bxc5 Bxc5 26. Nd6+ Kc7 27. Nb5+
Kc6 28. c4 Rf8 29. Kf1 f5 30. exf5 Rxf5 31. f3 e4 32. Ke2 e3 33. Rd4 Bxd4 34.
Nxd4+ Kc5 35. Nxf5 Kxc4 36. Kxe3 b5 37. Nd6+ Kc5 38. Nxb5 Kxb5 39. Ke4 Kc6 40.
Kf5 Kd6 41. Kg6 Ke5 42. Kxh6 Kf5 43. Kh5 Kf4 44. g4 Kxf3 45. Kxg5 Kg3 46. h4
Kh3 47. h5 Kg3 48. h6 Kh3 49. h7 Kg3 50. h8=Q Kf3 51. Qe5 Kf2 52. Kf4 Kg2 53.
Qe4+ Kg1 54. Qc2 Kh1 55. Kg3 Kg1 56. Qg2# 1-0

[Event "DEM U10/U10w 2004"]
[Site "Willingen GER"]
[Date "2004.05.30"]
[Round "1"]
[White "Schäfer, Daniela"]
[Black "Lindner, Robert"]
[Result "0-1"]
[Termination "normal"]
[Board "22"]
[WhiteElo "918"]
[BlackElo "1274"]
[PlyCount "112"]
[WhiteFideId "4624769"]
[BlackFideId "24658847"]
[EventCountry "GER"]
[EventRounds "11"]
[EventType "swiss"]
[EventDate "2004.05.29"]

1. e4 e6 2. d4 d5 3. e5 c5 4. c3 Nc6 5. Nf3 Qb6 6. Be2 Bd7 7. O-O cxd4 8. cxd4
Nge7 9. b3 Nf5 10. Bb2 Rc8 11. Re1 Nb4 12. Nc3 Be7 13. a3 Nc6 14. Na4 Qc7 15.
Nc3 Na5 16. b4 Nc4 17. Bxc4 dxc4 18. d5 Qb6 19. Na4 Qb5 20. Nc3 Qb6 21. d6 Bh4
22. Nxh4 Nxh4 23. Qc2 O-O 24. Rad1 Qc6 25. f3 Rfd8 26. Rd2 Nf5 27. Ne4 b6 28.
Kf2 b5 29. Red1 Qb6+ 30. Ke2 Ne3 31. Bd4 Qxd4 32. Rxd4 Nxc2 33. R4d2 Nxa3 34.
Ra2 a5 35. Rxa3 axb4 36. Raa1 b3 37. Rab1 Ra8 38. Nc3 b4 39. Ne4 Ra2+ 40. Ke1
b2 41. Rd2 c3 42. Rc2 Ra1 43. Rxa1 bxa1=Q+ 44. Ke2 b3 45. Rxc3 b2 46. Nd2 Bb5+
47. Kf2 b1=Q 48. Nxb1 Qb2+ 49. Kg1 Qxb1+ 50. Kf2 Qb2+ 51. Kg3 Qxc3 52. h3 Qd4
53. f4 Qe3+ 54. Kh2 Qf2 55. h4 Bf1 56. h5 Qxg2# 0-1

[Event "DEM U10/U10w 2004"]
[Site "Willingen GER"]
[Date "2004.05.30"]
[Round "1"]
[White "Marquardt, Patrick"]
[Black "Lebek, Ricarda"]
[Result "1-0"]
[Termination "normal"]
[Board "23"]
[WhiteElo "1269"]
[BlackElo "914"]
[PlyCount "99"]
[WhiteFideId "4670086"]
[BlackFideId "4624688"]
[EventCountry "GER"]
[EventRounds "11"]
[EventType "swiss"]
[EventDate "2004.05.29"]

1. e4 e6 2. d4 d5 3. e5 c5 4. c3 Nc6 5. Nf3 Qb6 6. Bd3 Nge7 7. O-O Bd7 8. Bc2
cxd4 9. cxd4 Rc8 10. Nc3 Ng6 11. Rb1 Be7 12. Be3 O-O 13. a3 f5 14. Qd3 Rf7 15.
Rfd1 f4 16. Bd2 Nf8 17. Ne2 g5 18. h3 Qd8 19. Nh2 Ng6 20. Ng4 Qf8 21. Nc3 a6
22. Na2 Nd8 23. Bb4 Bb5 24. Qd2 Nc6 25. Bxe7 Ncxe7 26. a4 Bd7 27. Nf6+ Kg7 28.
Nxd7 Qd8 29. Nf6 Nh4 30. Nxh7 Nef5 31. Bxf5 Rxf5 32. Nf6 Rc4 33. b3 Rc6 34.
Rdc1 Qc7 35. Ne8+ Kf7 36. Nxc7 Rb6 37. Qa5 Rc6 38. Rxc6 bxc6 39. Nxa6 f3 40.
Qc7+ Kg8 41. g3 Ng2 42. Qxc6 Rf7 43. Rc1 Rf8 44. Qxe6+ Rf7 45. Rc8+ Kg7 46. Rc7
Rxc7 47. Nxc7 Kh7 48. Ne8 Kh8 49. Qh6+ Kg8 50. Qg7# 1-0

[Event "DEM U10/U10w 2004"]
[Site "Willingen GER"]
[Date "2004.05.30"]
[Round "1"]
[White "Malici, Nora"]
[Black "Risius, Philipp"]
[Result "1-0"]
[Termination "normal"]
[Board "24"]
[WhiteElo "912"]
[BlackElo "1264"]
[PlyCount "47"]
[BlackFideId "24630330"]
[EventCountry "GER"]
[EventRounds "11"]
[EventType "swiss"]
[EventDate "2004.05.29"]

1. e4 e5 2. Nf3 Nc6 3. d3 Bc5 4. Nc3 Nf6 5. Be3 Bb6 6. d4 exd4 7. Bxd4 Nxd4 8.
Nxd4 Bxd4 9. Qxd4 O-O 10. O-O-O h6 11. e5 Nh7 12. Bd3 Qg5+ 13. Kb1 g6 14. Nd5
Qd8 15. Nf6+ Nxf6 16. exf6 d6 17. Qh4 h5 18. f3 Be6 19. g4 hxg4 20. fxg4 c5 21.
g5 Bxa2+ 22. Kxa2 Qa5+ 23. Kb1 Qb4 24. Qh6 1-0

[Event "DEM U10/U10w 2004"]
[Site "Willingen GER"]
[Date "2004.05.30"]
[Round "1"]
[White "Kazman, Caner"]
[Black "Düssler, Stefanie"]
[Result "1-0"]
[Termination "normal"]
[Board "25"]
[WhiteElo "1259"]
[BlackElo "903"]
[PlyCount "85"]
[WhiteFideId "24684953"]
[BlackFideId "4634780"]
[EventCountry "GER"]
[EventRounds "11"]
[EventType "swiss"]
[EventDate "2004.05.29"]

1. e4 e5 2. Nf3 Nc6 3. Bc4 Bc5 4. Nc3 Nf6 5. d3 d6 6. h3 Be6 7. Bb5 O-O 8. Bg5
h6 9. Bh4 Re8 10. Nd5 Kf8 11. Qd2 a6 12. Bxc6 bxc6 13. Nxf6 gxf6 14. Qxh6+ Ke7
15. Bxf6+ Kd7 16. Bxd8 Raxd8 17. Ng5 Rb8 18. Nxe6 Rxe6 19. Qc1 Rf6 20. O-O Rg8
21. Kh1 Rfg6 22. g3 Rf6 23. Qd2 d5 24. c3 Rd6 25. d4 exd4 26. Qc2 dxe4 27. Qxe4
dxc3 28. Qf5+ Ke7 29. Qxc5 cxb2 30. Qe5+ Kd7 31. Qxb2 Rgg6 32. Rad1 Rh6 33.
Rxd6+ cxd6 34. Qb7+ Ke6 35. Re1+ Kd5 36. Qxf7+ Kc5 37. Qf5+ Kb6 38. Qe4 Rxh3+
39. Kg2 Rh5 40. Rb1+ Kc7 41. Qe7+ Kc8 42. Qxd6 Rh7 43. Rb8# 1-0

[Event "DEM U10/U10w 2004"]
[Site "Willingen GER"]
[Date "2004.05.30"]
[Round "1"]
[White "Weißenburg, Isabel"]
[Black "Fittkau, Nico"]
[Result "0-1"]
[Termination "normal"]
[Board "26"]
[WhiteElo "878"]
[BlackElo "1253"]
[PlyCount "92"]
[WhiteFideId "4612922"]
[EventCountry "GER"]
[EventRounds "11"]
[EventType "swiss"]
[EventDate "2004.05.29"]

1. e4 c5 2. Nf3 d6 3. d4 cxd4 4. Nxd4 Nf6 5. c3 Nxe4 6. f3 Nf6 7. Be3 a6 8. Nd2
e6 9. Qc2 Be7 10. O-O-O O-O 11. g4 b5 12. g5 Nd5 13. Re1 Nxe3 14. Rxe3 Bxg5 15.
Re1 Bb7 16. Rg1 Bh6 17. Bd3 Qf6 18. Bxh7+ Kh8 19. Be4 d5 20. Bd3 Nd7 21. Kb1
Rfc8 22. Rc1 b4 23. Qb3 Bxd2 24. Rc2 Bh6 25. Qxb4 Nc5 26. Be2 Rab8 27. Qb6 Qd8
28. Qxd8+ Rxd8 29. Rg3 Ba8 30. Rh3 Kh7 31. f4 Rd6 32. f5 exf5 33. Nxf5 Rf6 34.
Ne7 Re8 35. b4 Ne4 36. Nxd5 Bxd5 37. Bd3 Kg8 38. Bxa6 Nf2 39. Rg3 Be4 40. c4
Bxc2+ 41. Kxc2 Rxa6 42. Rf3 Re2+ 43. Kc3 Be3 44. c5 Raxa2 45. c6 Rab2 46. b5
Rec2# 0-1

[Event "DEM U10/U10w 2004"]
[Site "Willingen GER"]
[Date "2004.05.30"]
[Round "1"]
[White "Strohmann, Marc"]
[Black "Dietrich, Christoph"]
[Result "0-1"]
[Termination "normal"]
[Board "27"]
[WhiteElo "1248"]
[BlackElo "815"]
[PlyCount "92"]
[EventCountry "GER"]
[EventRounds "11"]
[EventType "swiss"]
[EventDate "2004.05.29"]

1. f4 d5 2. Nf3 Nf6 3. e3 Bg4 4. b3 Nc6 5. Bb2 Ne4 6. d3 Nd6 7. Be2 Qd7 8. O-O
O-O-O 9. Qd2 e6 10. d4 Ne4 11. Qe1 Bb4 12. c3 Bd6 13. Bd3 Bxf3 14. Rxf3 Nf6 15.
Rg3 Nh5 16. Rh3 g6 17. Bc1 f5 18. Bd2 Rde8 19. a4 Nf6 20. b4 h5 21. Rg3 Rhg8
22. a5 a6 23. Na3 h4 24. Rh3 Ne4 25. Bxe4 fxe4 26. Rxh4 Be7 27. Rh3 Rh8 28. Rg3
Bh4 29. Rb1 Bxg3 30. Qxg3 Qh7 31. h3 Qh5 32. Qf2 Ref8 33. c4 dxc4 34. Nxc4 g5
35. b5 axb5 36. Rxb5 Qd1+ 37. Be1 Qa4 38. Rc5 Rhg8 39. Ne5 Nxe5 40. Rxe5 Qc6
41. Rc5 Qd7 42. Qg3 gxf4 43. Qh2 f3 44. Bg3 fxg2 45. Rxc7+ Qxc7 46. Bxc7 Rf1#
0-1

[Event "DEM U10/U10w 2004"]
[Site "Willingen GER"]
[Date "2004.05.30"]
[Round "1"]
[White "Blankenstein, Julius"]
[Black "Göbel, Constantin"]
[Result "0-1"]
[Termination "normal"]
[Board "28"]
[WhiteElo "786"]
[BlackElo "1237"]
[PlyCount "100"]
[BlackFideId "24647071"]
[EventCountry "GER"]
[EventRounds "11"]
[EventType "swiss"]
[EventDate "2004.05.29"]

1. d4 d6 2. c4 Nf6 3. Nc3 g6 4. Nf3 Bg7 5. e4 O-O 6. Bd3 Re8 7. O-O Bg4 8. Re1
Nc6 9. Be2 Bxf3 10. Bxf3 e5 11. Be3 exd4 12. Bxd4 Nxd4 13. Qxd4 Nxe4 14. Qd1
Nxc3 15. Rxe8+ Qxe8 16. bxc3 Bxc3 17. Rc1 Bg7 18. Rc2 Qe5 19. g3 Qf5 20. Bxb7
Rb8 21. Bg2 Bd4 22. Rd2 Rb1 23. Rxd4 Rxd1+ 24. Rxd1 Qc2 25. Rf1 Qxa2 26. Re1
Qa4 27. Bf1 Qb4 28. Re8+ Kg7 29. Rc8 Qb7 30. Bh3 a5 31. Re8 Qb4 32. Bf1 a4 33.
Re2 Qxc4 34. Re3 Qc1 35. Re4 a3 36. Ra4 Qb2 37. Rxa3 Qxa3 38. h3 c5 39. h4 d5
40. f3 c4 41. Kg2 c3 42. Bd3 Qa2+ 43. Kh3 c2 44. Bxc2 Qxc2 45. Kg4 d4 46. f4 d3
47. h5 d2 48. hxg6 d1=Q+ 49. Kh4 Qh2+ 50. Kg5 Qhh5# 0-1

[Event "DEM U10/U10w 2004"]
[Site "Willingen GER"]
[Date "2004.05.30"]
[Round "1"]
[White "Leach, Julien"]
[Black "Prymak, Anna"]
[Result "1-0"]
[Termination "normal"]
[Board "29"]
[WhiteElo "1232"]
[BlackElo "774"]
[PlyCount "47"]
[EventCountry "GER"]
[EventRounds "11"]
[EventType "swiss"]
[EventDate "2004.05.29"]

1. e4 e5 2. Nf3 Nc6 3. Bb5 Nf6 4. O-O Bc5 5. Nc3 O-O 6. d3 h6 7. Be3 Bb6 8. d4
exd4 9. Nxd4 Nxd4 10. Bxd4 Bxd4 11. Qxd4 d6 12. Rad1 Nh7 13. e5 Qg5 14. exd6
Bh3 15. Qe4 Rae8 16. Bxe8 Rxe8 17. Qxe8+ Nf8 18. Qe4 f5 19. Qd5+ Kh8 20. dxc7
Nd7 21. c8=Q+ Kh7 22. Qcxd7 Bxg2 23. Qxg2 Qh5 24. Qdxg7# 1-0

[Event "DEM U10/U10w 2004"]
[Site "Willingen GER"]
[Date "2004.05.30"]
[Round "1"]
[White "Falke, Johannes"]
[Black "Gisy, Roberto"]
[Result "0-1"]
[Termination "normal"]
[Board "30"]
[WhiteElo "761"]
[BlackElo "1229"]
[PlyCount "73"]
[EventCountry "GER"]
[EventRounds "11"]
[EventType "swiss"]
[EventDate "2004.05.29"]

1. e4 e5 2. Nf3 Nc6 3. Bc4 Nf6 4. Nc3 Nxe4 5. Nxe4 d5 6. Bxd5 Qxd5 7. Nc3 Qa5
8. d3 Bg4 9. h3 Be6 10. O-O O-O-O 11. a3 Be7 12. Bd2 Nd4 13. Nxd4 exd4 14. Ne4
Qf5 15. c4 Qg6 16. Ng3 h5 17. Qf3 Bd7 18. b4 h4 19. Ne4 f5 20. Nc5 Bc6 21. Ne4
fxe4 22. dxe4 Bxe4 23. Qg4+ Qxg4 24. hxg4 Bd3 25. Rfc1 Bf6 26. b5 Be2 27. f3 h3
28. gxh3 Bxf3 29. Kh2 Be5+ 30. Kg1 Rxh3 31. Kf2 d3 32. Bg5 Rf8 33. Ke1 Bxa1 34.
Kd2 Bb2 35. Rb1 Bf6 36. Bxf6 Rxf6 37. Kc3 0-1

[Event "DEM U10/U10w 2004"]
[Site "Willingen GER"]
[Date "2004.05.30"]
[Round "1"]
[White "Mirke, Roy"]
[Black "Priese, Franziska"]
[Result "1-0"]
[Termination "normal"]
[Board "31"]
[WhiteElo "1227"]
[BlackElo "711"]
[PlyCount "63"]
[WhiteFideId "24647306"]
[EventCountry "GER"]
[EventRounds "11"]
[EventType "swiss"]
[EventDate "2004.05.29"]

1. e4 e5 2. Nf3 Nc6 3. Bc4 Bc5 4. d3 d6 5. h3 h6 6. Nc3 Nf6 7. O-O O-O 8. Re1
Nb4 9. a3 Na6 10. Be3 Bxe3 11. Rxe3 Nc5 12. Re1 Nh5 13. Nxe5 Qh4 14. Nf3 Qf4
15. Nd5 Qf6 16. Nxf6+ gxf6 17. Nh4 Kh8 18. Qxh5 Kh7 19. Nf5 Bxf5 20. Qxf5+ Kh8
21. Qxf6+ Kh7 22. Re3 Nd7 23. Qf5+ Kh8 24. Qxd7 Rad8 25. Qf5 d5 26. Bxd5 c6 27.
Ba2 Rde8 28. Rg3 Rg8 29. Qf6+ Kh7 30. Qxf7+ Kh8 31. Rxg8+ Rxg8 32. Qxg8# 1-0

[Event "DEM U10/U10w 2004"]
[Site "Willingen GER"]
[Date "2004.05.30"]
[Round "2"]
[White "Fittkau, Nico"]
[Black "Wang, Zhangxian"]
[Result "0-1"]
[Termination "normal"]
[Board "1"]
[WhiteElo "1253"]
[BlackElo "1598"]
[PlyCount "94"]
[EventCountry "GER"]
[EventRounds "11"]
[EventType "swiss"]
[EventDate "2004.05.29"]

1. e4 c6 2. d4 d5 3. exd5 cxd5 4. c4 Nf6 5. Nc3 g6 6. Qb3 Bg7 7. Nf3 O-O 8. Bd3
dxc4 9. Bxc4 Nc6 10. Be3 Ng4 11. Rd1 Nxe3 12. fxe3 Bh6 13. Rd3 Na5 14. Qb4 Nxc4
15. Qxc4 b6 16. O-O Bb7 17. b4 Rc8 18. Qb3 e6 19. a4 Qe7 20. Rf2 Rfd8 21. Ne5
f5 22. b5 Bg7 23. Nc4 Kh8 24. Rfd2 h6 25. Rd1 Kh7 26. R1d2 Bf8 27. Na2 Bd5 28.
Rc3 Rxc4 29. Rxc4 Rc8 30. Rdc2 Kg8 31. R2c3 Qg5 32. Qc2 Rxc4 33. Rxc4 Qxe3+ 34.
Kf1 Qf4+ 35. Kg1 Qe3+ 36. Kf1 Bxc4+ 37. Qxc4 Bg7 38. d5 exd5 39. Qxd5+ Kh7 40.
Qc4 Qd4 41. Qxd4 Bxd4 42. Nb4 Bc3 43. Nc6 Kg7 44. Nxa7 Kf7 45. Nc8 Bd4 46. Nd6+
Ke6 47. Ne8 Kd7 0-1

[Event "DEM U10/U10w 2004"]
[Site "Willingen GER"]
[Date "2004.05.30"]
[Round "2"]
[White "Zimmermann, Gordon"]
[Black "Leach, Julien"]
[Result "1-0"]
[Termination "normal"]
[Board "2"]
[WhiteElo "1562"]
[BlackElo "1232"]
[PlyCount "57"]
[WhiteFideId "24624330"]
[EventCountry "GER"]
[EventRounds "11"]
[EventType "swiss"]
[EventDate "2004.05.29"]

1. e4 c5 2. Nf3 Nc6 3. d4 cxd4 4. Nxd4 Nf6 5. Nc3 d6 6. Be3 g6 7. f3 Bg7 8. Qd2
O-O 9. Bc4 Qc7 10. Bb3 e6 11. O-O-O Rd8 12. g4 a6 13. h4 Qe7 14. h5 Ne5 15.
hxg6 fxg6 16. Bh6 Re8 17. Rdg1 b5 18. Bxg7 Qxg7 19. Nf5 gxf5 20. gxf5 Ng6 21.
fxg6 hxg6 22. Qxd6 Bd7 23. e5 Red8 24. exf6 Qxf6 25. Qd3 Kg7 26. Ne4 Qf5 27.
Qc3+ Kg8 28. Qh8+ Kf7 29. Rh7# 1-0

[Event "DEM U10/U10w 2004"]
[Site "Willingen GER"]
[Date "2004.05.30"]
[Round "2"]
[White "Göbel, Constantin"]
[Black "Noe, Christopher"]
[Result "0-1"]
[Termination "normal"]
[Board "3"]
[WhiteElo "1237"]
[BlackElo "1552"]
[PlyCount "74"]
[WhiteFideId "24647071"]
[BlackFideId "24692018"]
[EventCountry "GER"]
[EventRounds "11"]
[EventType "swiss"]
[EventDate "2004.05.29"]

1. d4 d5 2. c4 e6 3. Nc3 Bb4 4. cxd5 exd5 5. Bf4 Bf5 6. e3 Nf6 7. a3 Ba5 8. b4
Bb6 9. Rc1 c6 10. Bd3 Bxd3 11. Qxd3 O-O 12. Nf3 Qe7 13. Be5 Nbd7 14. Ng5 Nxe5
15. dxe5 Qxe5 16. O-O Qxg5 17. b5 c5 18. e4 d4 19. Ne2 Qe5 20. Ng3 Rfe8 21.
Rfe1 Nh5 22. Nf5 Ba5 23. Re2 Nf4 24. Qf3 Nxe2+ 25. Qxe2 Qxf5 26. exf5 Rxe2 27.
h3 Bc7 28. Kf1 Rae8 29. g4 b6 30. Rd1 f6 31. h4 Bf4 32. f3 Bg3 33. g5 Rf2+ 34.
Kg1 Ree2 35. gxf6 Rg2+ 36. Kf1 Ref2+ 37. Ke1 Rxf3# 0-1

[Event "DEM U10/U10w 2004"]
[Site "Willingen GER"]
[Date "2004.05.30"]
[Round "2"]
[White "Gisy, Roberto"]
[Black "Kotainy, Jens"]
[Result "0-1"]
[Termination "normal"]
[Board "4"]
[WhiteElo "1229"]
[BlackElo "1492"]
[PlyCount "128"]
[BlackFideId "24670499"]
[EventCountry "GER"]
[EventRounds "11"]
[EventType "swiss"]
[EventDate "2004.05.29"]

1. e4 c5 2. f4 Nc6 3. Nf3 d6 4. Be2 e6 5. O-O Be7 6. d3 Nf6 7. Nbd2 Bd7 8. Nb3
Qc7 9. c4 O-O 10. Bd2 a6 11. Bc3 b5 12. cxb5 axb5 13. d4 b4 14. Be1 Nxe4 15.
dxc5 Nxc5 16. Nxc5 dxc5 17. Bg3 Bd6 18. Nd2 Rfd8 19. Nc4 Be8 20. Nxd6 Qxd6 21.
Qxd6 Rxd6 22. b3 Rd2 23. Rf2 Raxa2 24. Rxa2 Rxa2 25. Bc4 Rxf2 26. Bxf2 Nd4 27.
Bxd4 cxd4 28. Kf2 Kf8 29. Ke2 Bc6 30. g3 Be4 31. Bd3 f5 32. g4 Ke7 33. Bxe4
fxe4 34. Kd2 Kd6 35. Ke2 g6 36. Kd2 e5 37. fxe5+ Kxe5 38. Ke2 Kf4 39. h3 h5 40.
gxh5 gxh5 41. Kf2 e3+ 42. Ke2 d3+ 43. Kxd3 Kf3 44. Kc4 e2 45. Kxb4 e1=Q+ 46.
Kb5 Qe8+ 47. Kc5 Ke4 48. b4 Qb8 49. b5 Ke5 50. Kc6 Ke6 51. Kc5 Kd7 52. h4 Kc7
53. Kc4 Qb6 54. Kb4 Kd6 55. Kc4 Qc5+ 56. Kd3 Qxb5+ 57. Ke4 Qe5+ 58. Kd3 Kd5 59.
Kd2 Kd4 60. Kc2 Qe3 61. Kb2 Qc3+ 62. Kb1 Qd2 63. Ka1 Kc3 64. Kb1 Qb2# 0-1

[Event "DEM U10/U10w 2004"]
[Site "Willingen GER"]
[Date "2004.05.30"]
[Round "2"]
[White "Kaphle, Sebastian"]
[Black "Mirke, Roy"]
[Result "1-0"]
[Termination "normal"]
[Board "5"]
[WhiteElo "1454"]
[BlackElo "1227"]
[PlyCount "115"]
[WhiteFideId "24626708"]
[BlackFideId "24647306"]
[EventCountry "GER"]
[EventRounds "11"]
[EventType "swiss"]
[EventDate "2004.05.29"]

1. e4 c5 2. Nf3 e6 3. d4 cxd4 4. Nxd4 a6 5. Be3 Qc7 6. Be2 b5 7. O-O Bb7 8. f3
Nf6 9. Nd2 d5 10. exd5 Bxd5 11. Kh1 Bd6 12. Bg1 O-O 13. Bd3 Nc6 14. c3 Rac8 15.
Qc2 Nxd4 16. Bxd4 Be5 17. Bxe5 Qxe5 18. Rae1 Qd6 19. Rf2 Rc7 20. Rd1 Rfc8 21.
Ne4 Nxe4 22. Bxe4 Bxe4 23. Rxd6 Bxc2 24. Rxc2 Rc6 25. Rcd2 h6 26. Rxc6 Rxc6 27.
Rc2 Kf8 28. Kg1 Ke7 29. Kf2 g5 30. Ke3 f5 31. b3 Kd6 32. h3 Ke5 33. Re2 f4+ 34.
Kd3+ Kd5 35. Re4 e5 36. a4 h5 37. Rb4 Rc5 38. axb5 axb5 39. c4+ bxc4+ 40. bxc4+
Ke6 41. Ke4 h4 42. Rb6+ Kf7 43. Kd3 Kg7 44. Rb5 Rc6 45. Rxe5 Kf6 46. Re2 Rd6+
47. Kc3 Rd7 48. Rd2 Rc7 49. Rd5 Rc6 50. c5 Rc7 51. Kc4 Rc8 52. Kb5 Rb8+ 53. Kc6
Re8 54. Kd7 Re7+ 55. Kd8 Ra7 56. c6 Ra8+ 57. Kd7 Ra7+ 58. c7 1-0

[Event "DEM U10/U10w 2004"]
[Site "Willingen GER"]
[Date "2004.05.30"]
[Round "2"]
[White "Boos, Philipp"]
[Black "Lebeda, Timo"]
[Result "1-0"]
[Termination "normal"]
[Board "7"]
[WhiteElo "1442"]
[BlackElo "1205"]
[PlyCount "69"]
[BlackFideId "4638565"]
[EventCountry "GER"]
[EventRounds "11"]
[EventType "swiss"]
[EventDate "2004.05.29"]

1. d4 d5 2. c4 e6 3. Nc3 Nf6 4. cxd5 exd5 5. Bg5 Be7 6. Nf3 O-O 7. e3 c6 8. Bd3
Bg4 9. O-O Nbd7 10. Re1 Re8 11. Rc1 Ne4 12. Bxe4 dxe4 13. Bxe7 Qxe7 14. h3 Bh5
15. g4 exf3 16. Qxf3 Bg6 17. Qg3 Rac8 18. f4 Bd3 19. e4 Ba6 20. e5 Qb4 21. Qf2
Re6 22. f5 Ree8 23. a3 Qe7 24. Qf4 Bc4 25. Ne4 Bd5 26. Nd6 Rcd8 27. g5 Rf8 28.
f6 gxf6 29. gxf6 Nxe5 30. dxe5 Be4 31. Rxe4 Qxf6 32. Qxf6 h5 33. Qg5+ Kh7 34.
Qxh5+ Kg8 35. Rg4# 1-0

[Event "DEM U10/U10w 2004"]
[Site "Willingen GER"]
[Date "2004.05.30"]
[Round "2"]
[White "Osmanodja, Filiz"]
[Black "Friedrich, Wiede"]
[Result "1/2-1/2"]
[Termination "normal"]
[Board "8"]
[WhiteElo "1219"]
[BlackElo "1436"]
[PlyCount "50"]
[WhiteFideId "24633569"]
[BlackFideId "24629537"]
[EventCountry "GER"]
[EventRounds "11"]
[EventType "swiss"]
[EventDate "2004.05.29"]

1. e4 c6 2. d4 d5 3. Nc3 dxe4 4. Nxe4 Nd7 5. Nf3 Ndf6 6. Nxf6+ Nxf6 7. Bc4 Bg4
8. Ne5 Qa5+ 9. Qd2 Qxd2+ 10. Bxd2 e6 11. Nxg4 Nxg4 12. h3 Nf6 13. O-O O-O-O 14.
Be3 Nd5 15. Rad1 Be7 16. c3 g5 17. Bd2 Rhg8 18. g4 Rh8 19. f4 gxf4 20. Bxf4 h5
21. Bxd5 cxd5 22. Be5 Rh7 23. gxh5 Rf8 24. Kh2 Rxh5 25. Rf3 Rh7 1/2-1/2

[Event "DEM U10/U10w 2004"]
[Site "Willingen GER"]
[Date "2004.05.30"]
[Round "2"]
[White "Dünzel, Jonas"]
[Black "Braun, Georg"]
[Result "1-0"]
[Termination "normal"]
[Board "9"]
[WhiteElo "1433"]
[BlackElo "1181"]
[PlyCount "149"]
[WhiteFideId "24631167"]
[BlackFideId "24629383"]
[EventCountry "GER"]
[EventRounds "11"]
[EventType "swiss"]
[EventDate "2004.05.29"]

1. e4 e6 2. d4 d5 3. exd5 exd5 4. Bd3 Nc6 5. c3 Nf6 6. h3 Bd6 7. Nf3 O-O 8. O-O
Re8 9. Bg5 Bd7 10. Nbd2 h6 11. Bh4 Ne7 12. Bxf6 gxf6 13. Qc2 f5 14. Nh4 Qc8 15.
Rfe1 Kf8 16. Ndf3 c5 17. dxc5 Bxc5 18. Ne5 Be6 19. Qd2 Ng8 20. Qf4 Bd6 21.
Neg6+ fxg6 22. Qxd6+ Kf7 23. Bb5 Rd8 24. Qe5 a6 25. Ba4 b5 26. Bb3 Qc6 27. Nxg6
Kxg6 28. Qxe6+ Qxe6 29. Rxe6+ Kf7 30. Re5 Ne7 31. Rae1 Rd7 32. Rxe7+ Rxe7 33.
Bxd5+ Kf6 34. Rxe7 Rd8 35. Rf7+ Kg6 36. Bb3 a5 37. Ra7 a4 38. Bxa4 bxa4 39.
Rxa4 Rb8 40. Rb4 Ra8 41. a3 Kf6 42. Kf1 Ke5 43. Ke2 Rg8 44. g3 h5 45. a4 Kd5
46. a5 Kc5 47. a6 Ra8 48. Ra4 Kb5 49. b3 Kb6 50. c4 Kc6 51. Kd3 Re8 52. a7 Ra8
53. b4 Kb6 54. Ra5 Rxa7 55. Rxa7 Kxa7 56. Kd4 Kb6 57. Ke5 f4 58. Kxf4 Kc6 59.
Kg5 h4 60. Kxh4 Kd6 61. g4 Ke6 62. f4 Ke7 63. f5 Kf6 64. b5 Ke7 65. g5 Kd7 66.
f6 Kd8 67. b6 Ke8 68. b7 Kf7 69. b8=Q Kg6 70. Qg8+ Kf5 71. f7 Ke4 72. f8=Q Kd4
73. Qd5+ Kc3 74. Qff3+ Kb4 75. Qb5# 1-0

[Event "DEM U10/U10w 2004"]
[Site "Willingen GER"]
[Date "2004.05.30"]
[Round "2"]
[White "Osmanodja, Bilgin"]
[Black "Sancar, Alina"]
[Result "1-0"]
[Termination "normal"]
[Board "10"]
[WhiteElo "1388"]
[BlackElo "992"]
[PlyCount "111"]
[BlackFideId "4624750"]
[EventCountry "GER"]
[EventRounds "11"]
[EventType "swiss"]
[EventDate "2004.05.29"]

1. e4 e5 2. Nf3 Nc6 3. Bb5 Bc5 4. c3 Nf6 5. O-O d6 6. d4 exd4 7. cxd4 a6 8.
Bxc6+ bxc6 9. dxc5 Nxe4 10. cxd6 cxd6 11. Qa4 Nf6 12. Qxc6+ Bd7 13. Re1+ Kf8
14. Qxd6+ Kg8 15. Bg5 h6 16. Bxf6 gxf6 17. Nc3 Kh7 18. Rad1 Bg4 19. Qxd8 Rhxd8
20. Rxd8 Rxd8 21. h3 Bxf3 22. gxf3 Rd2 23. Re2 Rd3 24. Kg2 Kg6 25. Re8 Rd2 26.
Rg8+ Kh7 27. Rb8 Kg6 28. Rb6 a5 29. Ne4 Rd5 30. Rxf6+ Kg7 31. Rb6 f5 32. Nc3
Re5 33. Rb5 Rxb5 34. Nxb5 Kg6 35. a3 a4 36. Nc3 f4 37. Nxa4 Kg5 38. Nc5 h5 39.
Ne6+ Kf5 40. Ng7+ Ke5 41. Nxh5 Kd5 42. Nxf4+ Kc5 43. h4 Kc4 44. h5 Kb3 45. h6
Kxb2 46. h7 Kxa3 47. h8=Q Kb4 48. Qc8 Kb5 49. Nd3 Kb6 50. Qc5+ Kb7 51. Ne5 Ka6
52. Qb4 Ka7 53. Qb5 Ka8 54. Nd7 Ka7 55. Qb6+ Ka8 56. Qb8# 1-0

[Event "DEM U10/U10w 2004"]
[Site "Willingen GER"]
[Date "2004.05.30"]
[Round "2"]
[White "Hager, Joshua Aarash"]
[Black "Babayev, Ramil"]
[Result "1/2-1/2"]
[Termination "normal"]
[Board "11"]
[WhiteElo "1193"]
[BlackElo "1382"]
[PlyCount "50"]
[WhiteFideId "24642789"]
[BlackFideId "24664243"]
[EventCountry "GER"]
[EventRounds "11"]
[EventType "swiss"]
[EventDate "2004.05.29"]

1. e4 e6 2. d4 d5 3. Nd2 dxe4 4. Nxe4 Nc6 5. Nf3 Be7 6. Be2 Nf6 7. Nxf6+ Bxf6
8. c3 O-O 9. O-O Re8 10. Be3 e5 11. dxe5 Nxe5 12. Re1 Bf5 13. Nd4 Bg6 14. Qd2
c5 15. Nf3 Qxd2 16. Nxd2 b5 17. Rad1 Rad8 18. Nf3 Nxf3+ 19. Bxf3 h6 20. Rxd8
Rxd8 21. Rd1 Rxd1+ 22. Bxd1 Be5 23. Kf1 Kf8 24. f4 Bc7 25. g3 Ke7 1/2-1/2